Culture Générale - Série 1652 - Statistiques

Statistiques générales
  • Ce quiz a été pris 112 fois
  • Le résultat moyen est 6 sur 10
Statistiques - réponses
Question Réponse % Correct
Je peux être noir, blanc, au lait, en poudre ou en tablette. Que suis-je ? chocolat
100%
Sur quel continent se trouvent les chutes Victoria ? Afrique
94%
Quelle petite rondelle de caoutchouc colle-t-on pour réparer une chambre à air de bicyclette ? rustine
85%
Selon le titre d'un tube de Cookie Dingler, comment est la femme qu'il ne faut pas laisser tomber ? libérée
83%
Quel nom issu du mot "charbon", donne-t-on à la spécialité flamande composée de boeuf braisé accommodé à la bière ? carbonnade
49%
Quel cycliste français, prénommé Laurent, remporte le Milan-San Remo et le Tour d'Espagne en 1995 ? Laurent Jalabert
49%
Quel acteur a incarné Ben-Hur au cinéma, en 1960, dans un film de William Wyler ? Charlton Heston
38%
En chimie, comment appelle-t-on le passage direct d'un corps de l'état solide à l'état gazeux, sans passer par l'état liquide ? sublimation
34%
A quel chanteur britannique doit-on l'album culte "Faith" sorti en 1987 ? George Michael
23%
Comment appelle-t-on spécifiquement la personne qui ouvre et vend des huîtres, des fruits de mer ? écailler
22%
Aucun quiz correspondant
Distribution des résultats
% des personnes avec chaque résultat
Percentile par nombre de réponses
Votre historique - résultats
Vous n’avez pas pris ce quiz